[Event "English Schools Championship Final 2024"]
[Site "Nottingham University Kings Meadow Campus, United Kingdom"]
[Date "2024.06.27"]
[Round "1.61"]
[White "Xu, Weiming"]
[Black "Gunarathne, Senith"]
[Result "0-1"]
[TimeControl "G50' + 10\" per move."]
[BlackFideId "343104324"]
[WhiteElo "1707"]
[BlackElo "1900"]

1. e4 {[%clk 00:50:16]} {[%emt 00:00:03]} c5 {[%clk 00:50:15]} {[%emt
00:00:06]} 2. Nf3 {[%clk 00:50:24]} {[%emt 00:00:03]} d6 {[%clk 00:50:19]}
{[%emt 00:00:05]} 3. Nc3 {[%clk 00:50:25]} {[%emt 00:00:09]} Nf6 {[%clk
00:50:24]} {[%emt 00:00:05]} 4. Bb5+ {[%clk 00:49:58]} {[%emt 00:00:37]} Bd7
{[%clk 00:50:00]} {[%emt 00:00:34]} 5. Bxd7+ {[%clk 00:49:58]} {[%emt
00:00:10]} Qxd7 {[%clk 00:49:47]} {[%emt 00:00:24]} 6. d3 {[%clk 00:49:51]}
{[%emt 00:00:16]} g6 {[%clk 00:49:18]} {[%emt 00:00:40]} 7. O-O {[%clk
00:49:04]} {[%emt 00:00:56]} Nc6 {[%clk 00:48:38]} {[%emt 00:00:50]} 8. Re1
{[%clk 00:47:31]} {[%emt 00:01:43]} Bg7 {[%clk 00:47:37]} {[%emt 00:01:12]} 9.
Be3 {[%clk 00:45:27]} {[%emt 00:02:13]} O-O {[%clk 00:46:17]} {[%emt 00:01:29]}
10. d4 {[%clk 00:42:30]} {[%emt 00:03:08]} cxd4 {[%clk 00:45:35]} {[%emt
00:00:52]} 11. Nxd4 {[%clk 00:42:30]} {[%emt 00:00:10]} Kh8 {[%clk 00:43:04]}
{[%emt 00:02:41]} 12. f3 {[%clk 00:30:02]} {[%emt 00:12:38]} Rac8 {[%clk
00:41:11]} {[%emt 00:02:03]} 13. Qd2 {[%clk 00:26:37]} {[%emt 00:03:34]} a6
{[%clk 00:37:01]} {[%emt 00:04:21]} 14. Nd5 {[%clk 00:22:08]} {[%emt 00:04:39]}
Nxd5 {[%clk 00:32:14]} {[%emt 00:04:57]} 15. exd5 {[%clk 00:21:56]} {[%emt
00:00:22]} Ne5 {[%clk 00:32:16]} {[%emt 00:00:07]} 16. Bh6 {[%clk 00:18:06]}
{[%emt 00:04:00]} Nc4 {[%clk 00:24:58]} {[%emt 00:07:29]} 17. Bxg7+ {[%clk
00:12:00]} {[%emt 00:06:16]} Kxg7 {[%clk 00:25:03]} {[%emt 00:00:05]} 18. Qg5
{[%clk 00:10:31]} {[%emt 00:01:38]} Rfe8 {[%clk 00:15:21]} {[%emt 00:09:50]} 19.
b3 {[%clk 00:07:58]} {[%emt 00:02:45]} h6 {[%clk 00:14:22]} {[%emt 00:01:09]}
20. Qg3 {[%clk 00:07:17]} {[%emt 00:00:52]} Na5 {[%clk 00:13:39]} {[%emt
00:00:54]} 21. Re4 {[%clk 00:03:03]} {[%emt 00:04:23]} Qc7 {[%clk 00:11:49]}
{[%emt 00:02:00]} 22. Rae1 {[%clk 00:02:38]} {[%emt 00:00:34]} Qc5 {[%clk
00:11:14]} {[%emt 00:00:46]} 23. c4 {[%clk 00:02:10]} {[%emt 00:00:38]} b5
{[%clk 00:10:59]} {[%emt 00:00:25]} 24. Kh1 {[%clk 00:02:10]} {[%emt 00:00:10]}
bxc4 {[%clk 00:08:09]} {[%emt 00:03:00]} 25. Nf5+ {[%clk 00:01:48]} {[%emt
00:00:32]} Kh7 {[%clk 00:07:23]} {[%emt 00:00:56]} 26. Rxe7 {[%clk 00:01:50]}
{[%emt 00:00:07]} Rxe7 {[%clk 00:06:44]} {[%emt 00:00:50]} 27. Rxe7 {[%clk
00:01:57]} {[%emt 00:00:03]} Rc7 {[%clk 00:06:39]} {[%emt 00:00:14]} 28. Re8
{[%clk 00:01:26]} {[%emt 00:00:41]} cxb3 {[%clk 00:04:50]} {[%emt 00:01:59]} 29.
Nxh6 {[%clk 00:00:54]} {[%emt 00:00:43]} Qc1+ {[%clk 00:04:54]} {[%emt
00:00:07]} 30. Re1 {[%clk 00:01:01]} {[%emt 00:00:02]} Qxe1+ {[%clk 00:04:21]}
{[%emt 00:00:43]} 31. Qxe1 {[%clk 00:01:09]} {[%emt 00:00:02]} b2 {[%clk
00:04:27]} {[%emt 00:00:05]} 32. Ng4 {[%clk 00:00:18]} {[%emt 00:01:00]} Rc1
{[%clk 00:04:33]} {[%emt 00:00:04]} 0-1

[Event "English Schools Championship Final 2024"]
[Site "Nottingham University Kings Meadow Campus, United Kingdom"]
[Date "2024.06.27"]
[Round "1.62"]
[White "Lee, Richard"]
[Black "Robinson, Ben"]
[Result "1-0"]
[TimeControl "G50' + 10\" per move."]
[WhiteElo "1658"]
[BlackElo "1609"]

1. c4 {[%clk 00:50:18]} {[%emt 00:00:01]} e5 {[%clk 00:50:04]} {[%emt
00:00:16]} 2. Nc3 {[%clk 00:50:18]} {[%emt 00:00:10]} Nf6 {[%clk 00:49:55]}
{[%emt 00:00:19]} 3. Nf3 {[%clk 00:49:55]} {[%emt 00:00:34]} Nc6 {[%clk
00:49:17]} {[%emt 00:00:48]} 4. g3 {[%clk 00:49:15]} {[%emt 00:00:50]} e4
{[%clk 00:48:14]} {[%emt 00:01:12]} 5. Ng5 {[%clk 00:48:19]} {[%emt 00:01:06]}
Be7 {[%clk 00:44:01]} {[%emt 00:04:23]} 6. Ngxe4 {[%clk 00:47:33]} {[%emt
00:00:57]} d6 {[%clk 00:43:12]} {[%emt 00:00:58]} 7. Bg2 {[%clk 00:45:15]}
{[%emt 00:02:28]} Bd7 {[%clk 00:41:41]} {[%emt 00:01:41]} 8. d4 {[%clk
00:43:41]} {[%emt 00:01:45]} O-O {[%clk 00:39:13]} {[%emt 00:02:37]} 9. O-O
{[%clk 00:41:13]} {[%emt 00:02:38]} Re8 {[%clk 00:32:48]} {[%emt 00:06:35]} 10.
Nxf6+ {[%clk 00:39:53]} {[%emt 00:01:30]} Bxf6 {[%clk 00:32:47]} {[%emt
00:00:11]} 11. e3 {[%clk 00:38:16]} {[%emt 00:01:48]} Rb8 {[%clk 00:29:49]}
{[%emt 00:03:07]} 12. Nd5 {[%clk 00:35:28]} {[%emt 00:02:59]} Be6 {[%clk
00:23:52]} {[%emt 00:06:08]} 13. Nxf6+ {[%clk 00:35:25]} {[%emt 00:00:12]} Qxf6
{[%clk 00:23:41]} {[%emt 00:00:21]} 14. d5 {[%clk 00:35:29]} {[%emt 00:00:06]}
Bxd5 {[%clk 00:21:45]} {[%emt 00:02:06]} 15. cxd5 {[%clk 00:34:20]} {[%emt
00:01:19]} Ne5 {[%clk 00:21:44]} {[%emt 00:00:11]} 16. Bd2 {[%clk 00:32:34]}
{[%emt 00:01:56]} Nd7 {[%clk 00:19:04]} {[%emt 00:02:50]} 17. Bc3 {[%clk
00:32:09]} {[%emt 00:00:35]} Qg6 {[%clk 00:19:05]} {[%emt 00:00:09]} 18. Qa4
{[%clk 00:30:01]} {[%emt 00:02:16]} Nc5 {[%clk 00:16:28]} {[%emt 00:02:49]} 19.
Qd4 {[%clk 00:28:51]} {[%emt 00:01:19]} Re7 {[%clk 00:14:31]} {[%emt 00:02:07]}
20. b4 {[%clk 00:27:41]} {[%emt 00:01:20]} Nd7 {[%clk 00:13:31]} {[%emt
00:01:10]} 21. Rad1 {[%clk 00:22:27]} {[%emt 00:05:25]} a6 {[%clk 00:12:13]}
{[%emt 00:01:28]} 22. e4 {[%clk 00:19:58]} {[%emt 00:02:39]} f6 {[%clk
00:11:25]} {[%emt 00:00:57]} 23. Bh3 {[%clk 00:16:39]} {[%emt 00:03:30]} Qh5
{[%clk 00:09:28]} {[%emt 00:02:07]} 24. Be6+ {[%clk 00:16:03]} {[%emt
00:00:46]} Kf8 {[%clk 00:09:08]} {[%emt 00:00:30]} 25. Qa7 {[%clk 00:12:40]}
{[%emt 00:03:32]} Rbe8 {[%clk 00:08:17]} {[%emt 00:01:02]} 26. Qxb7 {[%clk
00:11:13]} {[%emt 00:01:37]} Ne5 {[%clk 00:08:17]} {[%emt 00:00:10]} 27. Bxe5
{[%clk 00:10:26]} {[%emt 00:00:57]} fxe5 {[%clk 00:07:59]} {[%emt 00:00:26]} 28.
Qxa6 {[%clk 00:10:01]} {[%emt 00:00:36]} Qf3 {[%clk 00:07:40]} {[%emt
00:00:28]} 29. Rd3 {[%clk 00:08:15]} {[%emt 00:01:57]} Qxe4 {[%clk 00:07:29]}
{[%emt 00:00:21]} 30. Re3 {[%clk 00:08:19]} {[%emt 00:00:08]} Qg6 {[%clk
00:07:08]} {[%emt 00:00:31]} 31. Rf3+ {[%clk 00:08:15]} {[%emt 00:00:13]} Rf7
{[%clk 00:06:17]} {[%emt 00:01:00]} 32. Rxf7+ {[%clk 00:07:53]} {[%emt
00:00:32]} 1-0

[Event "English Schools Championship Final 2024"]
[Site "Nottingham University Kings Meadow Campus, United Kingdom"]
[Date "2024.06.27"]
[Round "1.63"]
[White "Berry, Namam"]
[Black "Arlachova, Alexandra"]
[Result "1/2-1/2"]
[TimeControl "G50' + 10\" per move."]
[WhiteFideId "343432492"]
[BlackFideId "473910"]
[WhiteElo "1466"]
[BlackElo "1703"]

1. e4 {[%clk 00:50:17]} {[%emt 00:00:02]} e5 {[%clk 00:50:16]} {[%emt
00:00:05]} 2. Nf3 {[%clk 00:50:19]} {[%emt 00:00:07]} Nc6 {[%clk 00:50:18]}
{[%emt 00:00:09]} 3. Bb5 {[%clk 00:50:19]} {[%emt 00:00:09]} a6 {[%clk
00:50:14]} {[%emt 00:00:14]} 4. Ba4 {[%clk 00:50:21]} {[%emt 00:00:08]} b5
{[%clk 00:49:36]} {[%emt 00:00:49]} 5. Bb3 {[%clk 00:50:22]} {[%emt 00:00:09]}
Bc5 {[%clk 00:49:09]} {[%emt 00:00:37]} 6. c3 {[%clk 00:50:04]} {[%emt
00:00:27]} Nf6 {[%clk 00:48:43]} {[%emt 00:00:37]} 7. d4 {[%clk 00:49:14]}
{[%emt 00:00:59]} exd4 {[%clk 00:46:53]} {[%emt 00:01:59]} 8. cxd4 {[%clk
00:49:10]} {[%emt 00:00:15]} Bb4+ {[%clk 00:46:47]} {[%emt 00:00:16]} 9. Bd2
{[%clk 00:47:47]} {[%emt 00:01:33]} Nxe4 {[%clk 00:44:24]} {[%emt 00:02:34]} 10.
Bxb4 {[%clk 00:45:32]} {[%emt 00:02:24]} Nxb4 {[%clk 00:44:16]} {[%emt
00:00:18]} 11. O-O {[%clk 00:42:52]} {[%emt 00:02:50]} O-O {[%clk 00:43:20]}
{[%emt 00:01:06]} 12. Re1 {[%clk 00:41:37]} {[%emt 00:01:25]} d5 {[%clk
00:42:33]} {[%emt 00:00:58]} 13. Nbd2 {[%clk 00:39:41]} {[%emt 00:02:05]} Nd3
{[%clk 00:33:40]} {[%emt 00:09:04]} 14. Nxe4 {[%clk 00:31:40]} {[%emt
00:08:10]} Nxe1 {[%clk 00:32:26]} {[%emt 00:01:24]} 15. Qxe1 {[%clk 00:30:52]}
{[%emt 00:00:58]} dxe4 {[%clk 00:30:59]} {[%emt 00:01:38]} 16. Qxe4 {[%clk
00:30:24]} {[%emt 00:00:37]} Bd7 {[%clk 00:30:46]} {[%emt 00:00:23]} 17. Bc2
{[%clk 00:27:56]} {[%emt 00:02:38]} g6 {[%clk 00:30:07]} {[%emt 00:00:49]} 18.
Qf4 {[%clk 00:23:53]} {[%emt 00:04:12]} Bc6 {[%clk 00:25:17]} {[%emt 00:05:02]}
19. Ne5 {[%clk 00:21:28]} {[%emt 00:02:34]} Bd5 {[%clk 00:20:54]} {[%emt
00:04:33]} 20. h4 {[%clk 00:17:01]} {[%emt 00:04:37]} h5 {[%clk 00:15:40]}
{[%emt 00:05:25]} 21. Qh6 {[%clk 00:13:42]} {[%emt 00:03:28]} Qf6 {[%clk
00:09:01]} {[%emt 00:06:49]} 22. Nd7 {[%clk 00:11:37]} {[%emt 00:02:15]} Qg7
{[%clk 00:09:05]} {[%emt 00:00:06]} 23. Qxg7+ {[%clk 00:11:16]} {[%emt
00:00:31]} Kxg7 {[%clk 00:09:10]} {[%emt 00:00:05]} 24. Nxf8 {[%clk 00:11:19]}
{[%emt 00:00:07]} Rxf8 {[%clk 00:09:07]} {[%emt 00:00:13]} 25. b3 {[%clk
00:10:37]} {[%emt 00:00:52]} Rd8 {[%clk 00:09:10]} {[%emt 00:00:08]} 26. Rd1
{[%clk 00:10:01]} {[%emt 00:00:45]} Kf6 {[%clk 00:08:59]} {[%emt 00:00:22]} 27.
f3 {[%clk 00:09:09]} {[%emt 00:01:01]} Rg8 {[%clk 00:08:47]} {[%emt 00:00:22]}
28. Be4 {[%clk 00:08:47]} {[%emt 00:00:31]} Bxe4 {[%clk 00:08:09]} {[%emt
00:00:49]} 29. fxe4 {[%clk 00:08:45]} {[%emt 00:00:12]} Rd8 {[%clk 00:07:44]}
{[%emt 00:00:35]} 30. Kf2 {[%clk 00:08:35]} {[%emt 00:00:20]} c5 {[%clk
00:07:23]} {[%emt 00:00:32]} 31. d5 {[%clk 00:08:37]} {[%emt 00:00:07]} Ke5
{[%clk 00:06:54]} {[%emt 00:00:39]} 32. Kf3 {[%clk 00:08:31]} {[%emt 00:00:15]}
c4 {[%clk 00:05:36]} {[%emt 00:01:30]} 33. bxc4 {[%clk 00:08:26]} {[%emt
00:00:15]} bxc4 {[%clk 00:05:37]} {[%emt 00:00:09]} 34. Ke3 {[%clk 00:08:20]}
{[%emt 00:00:15]} f5 {[%clk 00:04:47]} {[%emt 00:01:00]} 35. exf5 {[%clk
00:06:53]} {[%emt 00:01:37]} gxf5 {[%clk 00:04:53]} {[%emt 00:00:04]} 36. Rc1
{[%clk 00:04:32]} {[%emt 00:02:32]} f4+ {[%clk 00:03:25]} {[%emt 00:01:37]} 37.
Kf3 {[%clk 00:04:20]} {[%emt 00:00:22]} Rxd5 {[%clk 00:01:07]} {[%emt
00:02:28]} 38. Rxc4 {[%clk 00:04:23]} {[%emt 00:00:07]} Rd3+ {[%clk 00:01:14]}
{[%emt 00:00:03]} 39. Ke2 {[%clk 00:04:20]} {[%emt 00:00:10]} Rd4 {[%clk
00:01:21]} {[%emt 00:00:07]} 40. Rc5+ {[%clk 00:04:18]} {[%emt 00:00:11]} Rd5
{[%clk 00:01:29]} {[%emt 00:00:02]} 41. Rxd5+ {[%clk 00:04:23]} {[%emt
00:00:05]} Kxd5 {[%clk 00:01:35]} {[%emt 00:00:04]} 42. Kf3 {[%clk 00:04:32]}
Ke5 {[%clk 00:01:43]} {[%emt 00:00:02]} 43. g3 {[%clk 00:04:07]} {[%emt
00:00:36]} fxg3 {[%clk 00:01:36]} {[%emt 00:00:17]} 44. Kxg3 {[%clk 00:04:13]}
{[%emt 00:00:03]} Ke4 {[%clk 00:01:44]} {[%emt 00:00:02]} 45. Kh3 {[%clk
00:04:11]} {[%emt 00:00:12]} Kf3 {[%clk 00:01:39]} {[%emt 00:00:15]} 46. Kh2
{[%clk 00:04:12]} {[%emt 00:00:07]} Kg4 {[%clk 00:01:33]} {[%emt 00:00:19]} 47.
Kg2 {[%clk 00:04:14]} {[%emt 00:00:07]} Kxh4 {[%clk 00:01:39]} {[%emt
00:00:04]} 48. Kh2 {[%clk 00:04:22]} {[%emt 00:00:02]} Kg4 {[%clk 00:01:47]}
{[%emt 00:00:03]} 49. Kg2 {[%clk 00:04:29]} {[%emt 00:00:02]} h4 {[%clk
00:01:55]} {[%emt 00:00:02]} 50. Kh2 {[%clk 00:04:35]} {[%emt 00:00:03]} Kf3
{[%clk 00:01:47]} {[%emt 00:00:19]} 51. Kh3 {[%clk 00:04:28]} {[%emt 00:00:17]}
Ke3 {[%clk 00:01:56]} 52. Kxh4 {[%clk 00:04:36]} {[%emt 00:00:01]} Kd3 {[%clk
00:02:05]} {[%emt 00:00:02]} 53. Kg4 {[%clk 00:04:28]} {[%emt 00:00:18]} Kc3
{[%clk 00:02:14]} {[%emt 00:00:01]} 54. Kf5 {[%clk 00:04:37]} {[%emt 00:00:02]}
a5 {[%clk 00:02:03]} {[%emt 00:00:21]} 55. Ke4 {[%clk 00:04:28]} {[%emt
00:00:18]} a4 {[%clk 00:01:53]} {[%emt 00:00:21]} 56. a3 {[%emt 00:01:35]}
1/2-1/2

[Event "English Schools Championship Final 2024"]
[Site "Nottingham University Kings Meadow Campus, United Kingdom"]
[Date "2024.06.27"]
[Round "1.64"]
[White "Stapleton, Dean"]
[Black "Ross, Ethan"]
[Result "1-0"]
[TimeControl "G50' + 10\" per move."]
[BlackFideId "343411002"]
[WhiteElo "1625"]
[BlackElo "1301"]

1. e4 {[%clk 00:50:18]} {[%emt 00:00:01]} e5 {[%clk 00:50:14]} {[%emt
00:00:06]} 2. Nf3 {[%clk 00:50:22]} {[%emt 00:00:07]} Nc6 {[%clk 00:50:16]}
{[%emt 00:00:08]} 3. c3 {[%clk 00:50:27]} {[%emt 00:00:05]} Bc5 {[%clk
00:50:08]} {[%emt 00:00:18]} 4. d4 {[%clk 00:50:27]} {[%emt 00:00:10]} exd4
{[%clk 00:50:09]} {[%emt 00:00:09]} 5. cxd4 {[%clk 00:50:13]} {[%emt 00:00:24]}
Bb4+ {[%clk 00:49:49]} {[%emt 00:00:29]} 6. Nc3 {[%clk 00:49:39]} {[%emt
00:00:45]} Nf6 {[%clk 00:49:33]} {[%emt 00:00:26]} 7. Bd3 {[%clk 00:47:31]}
{[%emt 00:02:17]} d5 {[%clk 00:48:42]} {[%emt 00:01:01]} 8. e5 {[%clk
00:47:02]} {[%emt 00:00:39]} Ne4 {[%clk 00:47:56]} {[%emt 00:00:57]} 9. Qc2
{[%clk 00:45:26]} {[%emt 00:01:45]} Bg4 {[%clk 00:45:01]} {[%emt 00:03:06]} 10.
Bxe4 {[%clk 00:42:00]} {[%emt 00:03:37]} dxe4 {[%clk 00:44:57]} {[%emt
00:00:13]} 11. Qxe4 {[%clk 00:41:56]} {[%emt 00:00:14]} Bxf3 {[%clk 00:44:42]}
{[%emt 00:00:25]} 12. Qxf3 {[%clk 00:40:43]} {[%emt 00:01:23]} Qxd4 {[%clk
00:43:23]} {[%emt 00:01:28]} 13. O-O {[%clk 00:40:17]} {[%emt 00:00:37]} Bxc3
{[%clk 00:41:06]} {[%emt 00:02:27]} 14. bxc3 {[%clk 00:39:28]} {[%emt
00:00:59]} O-O {[%clk 00:40:07]} {[%emt 00:01:09]} 15. cxd4 {[%clk 00:39:11]}
{[%emt 00:00:27]} Nxd4 {[%clk 00:39:05]} {[%emt 00:01:12]} 16. Qxb7 {[%clk
00:39:06]} {[%emt 00:00:15]} c6 {[%clk 00:37:54]} {[%emt 00:01:21]} 17. Be3
{[%clk 00:38:07]} {[%emt 00:01:08]} c5 {[%clk 00:36:39]} {[%emt 00:01:25]} 18.
Bxd4 {[%clk 00:37:48]} {[%emt 00:00:30]} cxd4 {[%clk 00:36:46]} {[%emt
00:00:02]} 19. Rad1 {[%clk 00:37:31]} {[%emt 00:00:27]} Rfd8 {[%clk 00:36:43]}
{[%emt 00:00:13]} 20. Rxd4 {[%clk 00:36:51]} {[%emt 00:00:51]} Re8 {[%clk
00:36:26]} {[%emt 00:00:26]} 21. e6 {[%clk 00:35:54]} {[%emt 00:01:07]} Kf8
{[%clk 00:34:40]} {[%emt 00:01:56]} 22. e7+ {[%clk 00:34:33]} {[%emt 00:01:32]}
Kg8 {[%clk 00:34:30]} {[%emt 00:00:20]} 23. Qxa8 {[%clk 00:34:34]} {[%emt
00:00:08]} g6 {[%clk 00:33:51]} {[%emt 00:00:49]} 24. Qxe8+ {[%clk 00:34:21]}
{[%emt 00:00:23]} Kg7 {[%clk 00:34:00]} {[%emt 00:00:02]} 25. Qf8+ {[%clk
00:34:14]} {[%emt 00:00:17]} Kf6 {[%clk 00:34:07]} {[%emt 00:00:03]} 26. e8=Q
{[%clk 00:33:00]} {[%emt 00:01:23]} h6 {[%clk 00:34:05]} {[%emt 00:00:13]} 27.
Qfxf7+ {[%clk 00:32:51]} {[%emt 00:00:19]} Kg5 {[%clk 00:34:05]} {[%emt
00:00:09]} 28. Qe5# {[%clk 00:32:25]} {[%emt 00:00:36]} 1-0

[Event "English Schools Championship Final 2024"]
[Site "Nottingham University Kings Meadow Campus, United Kingdom"]
[Date "2024.06.27"]
[Round "1.65"]
[White "Phillips, James"]
[Black "Bowden, James"]
[Result "0-1"]
[TimeControl "G50' + 10\" per move."]
[WhiteElo "1449"]
[BlackElo "1642"]

1. c4 {[%clk 00:50:17]} {[%emt 00:00:02]} e5 {[%clk 00:49:57]} {[%emt
00:00:24]} 2. Nc3 {[%clk 00:50:17]} {[%emt 00:00:09]} Nf6 {[%clk 00:49:41]}
{[%emt 00:00:27]} 3. e3 {[%clk 00:49:55]} {[%emt 00:00:32]} d6 {[%clk
00:48:34]} {[%emt 00:01:17]} 4. g3 {[%clk 00:48:46]} {[%emt 00:01:18]} Nc6
{[%clk 00:48:06]} {[%emt 00:00:39]} 5. Bg2 {[%clk 00:48:16]} {[%emt 00:00:39]}
Bg4 {[%clk 00:47:22]} {[%emt 00:00:55]} 6. Qb3 {[%clk 00:47:11]} {[%emt
00:01:14]} Rb8 {[%clk 00:45:58]} {[%emt 00:01:34]} 7. Nge2 {[%clk 00:45:34]}
{[%emt 00:01:46]} Be7 {[%clk 00:45:30]} {[%emt 00:00:39]} 8. O-O {[%clk
00:44:37]} {[%emt 00:01:06]} O-O {[%clk 00:45:07]} {[%emt 00:00:33]} 9. d4
{[%clk 00:43:24]} {[%emt 00:01:23]} Qd7 {[%clk 00:43:32]} {[%emt 00:01:40]} 10.
Qc2 {[%clk 00:40:05]} {[%emt 00:03:34]} Bh3 {[%clk 00:40:18]} {[%emt 00:03:25]}
11. Re1 {[%clk 00:37:29]} {[%emt 00:02:46]} Qg4 {[%clk 00:36:36]} {[%emt
00:03:49]} 12. d5 {[%clk 00:34:48]} {[%emt 00:02:54]} Nb4 {[%clk 00:33:04]}
{[%emt 00:03:43]} 13. Qb3 {[%clk 00:31:58]} {[%emt 00:02:58]} Nd3 {[%clk
00:30:31]} {[%emt 00:02:44]} 14. Rd1 {[%clk 00:28:44]} {[%emt 00:03:24]} Bxg2
{[%clk 00:23:41]} {[%emt 00:06:59]} 15. Kxg2 {[%clk 00:28:20]} {[%emt
00:00:34]} Qf5 {[%clk 00:22:27]} {[%emt 00:01:23]} 16. f4 {[%clk 00:24:14]}
{[%emt 00:04:18]} e4 {[%clk 00:20:26]} {[%emt 00:02:11]} 17. Nd4 {[%clk
00:21:01]} {[%emt 00:03:22]} Qg4 {[%clk 00:18:39]} {[%emt 00:01:58]} 18. Qc2
{[%clk 00:18:18]} {[%emt 00:02:50]} c5 {[%clk 00:14:24]} {[%emt 00:04:28]} 19.
dxc6 {[%clk 00:17:36]} {[%emt 00:00:52]} bxc6 {[%clk 00:14:19]} {[%emt
00:00:14]} 20. Qe2 {[%clk 00:16:23]} {[%emt 00:01:21]} Qxe2+ {[%clk 00:11:29]}
{[%emt 00:03:02]} 21. Ncxe2 {[%clk 00:13:15]} {[%emt 00:03:18]} Nxb2 {[%clk
00:11:21]} {[%emt 00:00:18]} 22. Rf1 {[%clk 00:09:58]} {[%emt 00:03:27]} Nxc4
{[%clk 00:10:54]} {[%emt 00:00:36]} 23. Nxc6 {[%clk 00:09:38]} {[%emt
00:00:32]} Rb7 {[%clk 00:10:20]} {[%emt 00:00:42]} 24. Nc3 {[%clk 00:06:34]}
{[%emt 00:03:16]} Rc7 {[%clk 00:08:50]} {[%emt 00:01:40]} 25. Nxe7+ {[%clk
00:05:32]} {[%emt 00:01:11]} Rxe7 {[%clk 00:08:53]} {[%emt 00:00:06]} 26. Nb5
{[%clk 00:05:00]} {[%emt 00:00:41]} Rb7 {[%clk 00:07:55]} {[%emt 00:01:10]} 27.
Nd4 {[%clk 00:04:32]} {[%emt 00:00:38]} Ng4 {[%clk 00:06:31]} {[%emt 00:01:34]}
28. Re1 {[%clk 00:04:03]} {[%emt 00:00:39]} Rc8 {[%clk 00:04:12]} {[%emt
00:02:30]} 29. Nb3 {[%clk 00:03:36]} {[%emt 00:00:37]} Nb2 {[%clk 00:03:16]}
{[%emt 00:01:06]} 30. Bxb2 {[%clk 00:02:36]} {[%emt 00:01:10]} Rc2+ {[%clk
00:03:08]} {[%emt 00:00:18]} 31. Kh3 {[%clk 00:02:44]} {[%emt 00:00:02]} Nf2+
{[%clk 00:03:13]} {[%emt 00:00:04]} 32. Kh4 {[%clk 00:02:17]} {[%emt 00:00:36]}
Rxb2 {[%clk 00:03:15]} {[%emt 00:00:09]} 33. Rec1 {[%clk 00:01:23]} {[%emt
00:01:04]} Rb8 {[%clk 00:02:54]} {[%emt 00:00:32]} 34. Rc6 {[%clk 00:00:51]}
{[%emt 00:00:42]} d5 {[%clk 00:01:59]} {[%emt 00:01:05]} 35. Rd6 {[%clk
00:00:45]} {[%emt 00:00:15]} Nd3 {[%clk 00:02:04]} {[%emt 00:00:06]} 36. h3
{[%clk 00:00:49]} {[%emt 00:00:06]} Nb4 {[%clk 00:01:56]} {[%emt 00:00:18]} 37.
Rd7 {[%clk 00:00:37]} {[%emt 00:00:20]} Nc2 {[%clk 00:01:16]} {[%emt 00:00:51]}
38. Rd1 {[%clk 00:00:18]} {[%emt 00:00:29]} Nxe3 {[%clk 00:01:18]} {[%emt
00:00:07]} 39. Re1 {[%clk 00:00:17]} {[%emt 00:00:13]} Ng2+ {[%clk 00:01:25]}
{[%emt 00:00:03]} 40. Ra1 {[%emt 00:00:48]} 0-1

[Event "English Schools Championship Final 2024"]
[Site "Nottingham University Kings Meadow Campus, United Kingdom"]
[Date "2024.06.27"]
[Round "1.66"]
[White "Wastell, William"]
[Black "Reid, James"]
[Result "0-1"]
[TimeControl "G50' + 10\" per move."]
[WhiteElo "1564"]
[BlackElo "1356"]

1. e4 {[%clk 00:50:10]} {[%emt 00:00:03]} c5 {[%clk 00:50:20]} 2. Nf3 {[%clk
00:48:45]} {[%emt 00:01:43]} Nc6 {[%clk 00:50:00]} {[%emt 00:00:30]} 3. Nc3
{[%clk 00:47:57]} {[%emt 00:00:58]} a6 {[%clk 00:48:46]} {[%emt 00:01:24]} 4.
d4 {[%clk 00:45:57]} {[%emt 00:01:54]} cxd4 {[%clk 00:48:02]} {[%emt 00:01:10]}
5. Nxd4 {[%clk 00:45:47]} {[%emt 00:00:18]} e5 {[%clk 00:46:57]} {[%emt
00:01:16]} 6. Nf5 {[%clk 00:43:47]} {[%emt 00:02:11]} d6 {[%clk 00:43:56]}
{[%emt 00:03:12]} 7. Ng3 {[%clk 00:41:35]} {[%emt 00:02:21]} Nf6 {[%clk
00:42:13]} {[%emt 00:01:53]} 8. h3 {[%clk 00:40:54]} {[%emt 00:00:51]} Be7
{[%clk 00:41:41]} {[%emt 00:00:42]} 9. Bc4 {[%clk 00:39:48]} {[%emt 00:01:16]}
O-O {[%clk 00:38:55]} {[%emt 00:02:56]} 10. Nd5 {[%clk 00:37:04]} {[%emt
00:02:54]} Nxd5 {[%clk 00:32:22]} {[%emt 00:06:43]} 11. Bxd5 {[%clk 00:36:01]}
{[%emt 00:00:49]} Nb4 {[%clk 00:29:03]} {[%emt 00:03:53]} 12. O-O {[%clk
00:32:50]} {[%emt 00:03:21]} Qc7 {[%clk 00:24:49]} {[%emt 00:04:24]} 13. c3
{[%clk 00:32:02]} {[%emt 00:00:59]} Nxd5 {[%clk 00:23:56]} {[%emt 00:01:02]} 14.
exd5 {[%clk 00:30:44]} {[%emt 00:01:14]} Bd7 {[%clk 00:22:41]} {[%emt
00:01:39]} 15. Be3 {[%clk 00:29:11]} {[%emt 00:01:42]} Rac8 {[%clk 00:19:43]}
{[%emt 00:03:09]} 16. Qb3 {[%clk 00:25:18]} {[%emt 00:04:03]} Bb5 {[%clk
00:16:31]} {[%emt 00:03:22]} 17. Rfe1 {[%clk 00:23:33]} {[%emt 00:01:54]} Bc4
{[%clk 00:15:05]} {[%emt 00:01:37]} 18. Bb6 {[%clk 00:20:25]} {[%emt 00:03:17]}
Bxb3 {[%clk 00:12:47]} {[%emt 00:02:28]} 19. Bxc7 {[%clk 00:20:31]} {[%emt
00:00:04]} Bxd5 {[%clk 00:11:50]} {[%emt 00:01:08]} 20. Bb6 {[%clk 00:18:59]}
{[%emt 00:01:41]} Be6 {[%clk 00:10:05]} {[%emt 00:01:56]} 21. Re4 {[%clk
00:15:24]} {[%emt 00:03:45]} f5 {[%clk 00:08:19]} {[%emt 00:01:57]} 22. Ra4
{[%clk 00:13:44]} {[%emt 00:01:48]} g6 {[%clk 00:07:29]} {[%emt 00:01:01]} 23.
Re1 {[%clk 00:11:02]} {[%emt 00:02:52]} Bd7 {[%clk 00:06:18]} {[%emt 00:01:22]}
24. Ra5 {[%clk 00:10:34]} {[%emt 00:00:38]} Rc6 {[%clk 00:05:17]} {[%emt
00:01:11]} 25. Be3 {[%clk 00:09:05]} {[%emt 00:01:38]} Bd8 {[%clk 00:04:51]}
{[%emt 00:00:36]} 26. Ra3 {[%clk 00:07:54]} {[%emt 00:01:19]} f4 {[%clk
00:04:47]} {[%emt 00:00:17]} 27. Bxf4 {[%clk 00:06:24]} {[%emt 00:01:38]} exf4
{[%clk 00:04:45]} {[%emt 00:00:14]} 28. Ne4 {[%clk 00:05:40]} {[%emt 00:00:53]}
Re8 {[%clk 00:04:12]} {[%emt 00:00:44]} 29. f3 {[%clk 00:05:14]} {[%emt
00:00:36]} d5 {[%clk 00:04:01]} {[%emt 00:00:21]} 0-1